1887 1901 1367 1603 1913 1295 1678 1798 1275 1411 1614 1137 1272 1646 1496 1407 1230 1930 1934 1420 1242 1893 1962 1666 1372 1924 1712 1707 1621 1597 1813 1499 1312 1639 1961 1091 1776 1123 1674 1974 1867 1032 1958 1563 1092 1695 1163 1947 1622 1721 1646 1786 1796 1158 1699 1517 1027 1144 1289 1564 1867 1286 1453 1505 1819 1658 1037 1886 1353 1304 1175 1618 1370 1189 1468 1039 1012 1364 1558 1541 1095 1842 1644 1967 1772 1048 1091 1151 1427 1119 1093 1230 1484 1572 1465 1419 1312 1693 1990 BCNSPRNW ULIB Ver.6.0+V

เปลี่ยนเป็นภาษาไทย

Change to English
 แสดงรายละเอียดบรรณานุกรม
  กลับหน้าหลัก

Brief Record : Get Marc (ISO 2709) : E-mail record : QR code < ปิดหน้าต่าง
LEADER : 00000nam 2200000uu 4500
001    13399115156
003     ULIB
008    120713s2553||||th 000 0 tha d
020    9786169030362
099    นว.^bก881จ
100 0  แก่นฝัน
245 00 เจาะระบบหัวใจ^cแก่นฝัน
260    กรุงเทพฯ:^bCoolkat,^c2553
945    ^p195^l0^i17066
995    เกษร
999 ^a ใช้งานได้ทุกระบบ
รายการนี้ยังไม่มีแท็ก
คุณยังไม่ได้ล็อกอิน คุณสามารถมีกิจกรรมร่วมกับเว็บไซต์ได้ แต่ต้องล็อกอินก่อน ::
  ล็อกอิน

รายการสื่อสารสนเทศ

ลำดับที่ ประเภท เลขเรียก/บาร์โค้ด สถานที่ สถานะ
- ไม่พบข้อมูล -

รายการใกล้เคียง
    ผู้แต่ง [แก่นฝัน]

BibComment


ยังไม่เคยถูกคอมเมนท์

คอมเมนท์ทรัพยากรรายการนี้
  คอมเมนท์: เจาะระบบหัวใจ แก่..


 Copyright 2026. Bcnsprnw @Library